<?xml version="1.0" encoding="UTF-8"?><marc:collection xmlns:marc="http://www.loc.gov/MARC21/slim">
  <marc:record>
    <marc:leader>02374nas a2200481 c 4500</marc:leader>
    <marc:controlfield tag="001">010007318</marc:controlfield>
    <marc:controlfield tag="003">DE-101</marc:controlfield>
    <marc:controlfield tag="005">20250311204344.0</marc:controlfield>
    <marc:controlfield tag="007">tu</marc:controlfield>
    <marc:controlfield tag="008">991118d19671972gw u||p|  ||| 0||||1ger c</marc:controlfield>
    <marc:datafield tag="016" ind1="7" ind2=" ">
      <marc:subfield code="2">DE-600</marc:subfield>
      <marc:subfield code="a">776-6</marc:subfield>
    </marc:datafield>
    <marc:datafield tag="016" ind1="7" ind2=" ">
      <marc:subfield code="2">DE-101</marc:subfield>
      <marc:subfield code="a">010007318</marc:subfield>
    </marc:datafield>
    <marc:datafield tag="035" ind1=" " ind2=" ">
      <marc:subfield code="a">(DE-599)ZDB776-6</marc:subfield>
    </marc:datafield>
    <marc:datafield tag="035" ind1=" " ind2=" ">
      <marc:subfield code="a">(OCoLC)1367290983</marc:subfield>
    </marc:datafield>
    <marc:datafield tag="040" ind1=" " ind2=" ">
      <marc:subfield code="a">9001</marc:subfield>
      <marc:subfield code="b">ger</marc:subfield>
      <marc:subfield code="c">DE-101</marc:subfield>
      <marc:subfield code="d">9999</marc:subfield>
    </marc:datafield>
    <marc:datafield tag="041" ind1=" " ind2=" ">
      <marc:subfield code="a">ger</marc:subfield>
    </marc:datafield>
    <marc:datafield tag="042" ind1=" " ind2=" ">
      <marc:subfield code="a">zdb</marc:subfield>
    </marc:datafield>
    <marc:datafield tag="044" ind1=" " ind2=" ">
      <marc:subfield code="c">XA-DE</marc:subfield>
    </marc:datafield>
    <marc:datafield tag="082" ind1="7" ind2="4">
      <marc:subfield code="a">020</marc:subfield>
      <marc:subfield code="q">DE-600</marc:subfield>
      <marc:subfield code="2">22sdnb</marc:subfield>
    </marc:datafield>
    <marc:datafield tag="084" ind1=" " ind2=" ">
      <marc:subfield code="a">AN 80140</marc:subfield>
      <marc:subfield code="a">AN 80141</marc:subfield>
      <marc:subfield code="2">rvk</marc:subfield>
    </marc:datafield>
    <marc:datafield tag="084" ind1=" " ind2=" ">
      <marc:subfield code="a">INF 136z</marc:subfield>
      <marc:subfield code="2">stub</marc:subfield>
    </marc:datafield>
    <marc:datafield tag="110" ind1="2" ind2=" ">
      <marc:subfield code="0">(DE-588)2032524-1</marc:subfield>
      <marc:subfield code="0">https://d-nb.info/gnd/2032524-1</marc:subfield>
      <marc:subfield code="0">(DE-101)004886399</marc:subfield>
      <marc:subfield code="a">Staatsbibliothek und Universitätsbibliothek im Aufbau Bremen</marc:subfield>
      <marc:subfield code="e">Verfasser</marc:subfield>
      <marc:subfield code="4">aut</marc:subfield>
      <marc:subfield code="2">gnd</marc:subfield>
    </marc:datafield>
    <marc:datafield tag="245" ind1="1" ind2="0">
      <marc:subfield code="a">Bericht / Staatsbibliothek Bremen</marc:subfield>
    </marc:datafield>
    <marc:datafield tag="264" ind1="3" ind2="1">
      <marc:subfield code="a">Bremen</marc:subfield>
      <marc:subfield code="b">[Verlag nicht ermittelbar]</marc:subfield>
      <marc:subfield code="c">1967-1972</marc:subfield>
    </marc:datafield>
    <marc:datafield tag="336" ind1=" " ind2=" ">
      <marc:subfield code="a">Text</marc:subfield>
      <marc:subfield code="b">txt</marc:subfield>
      <marc:subfield code="2">rdacontent</marc:subfield>
    </marc:datafield>
    <marc:datafield tag="337" ind1=" " ind2=" ">
      <marc:subfield code="a">ohne Hilfsmittel zu benutzen</marc:subfield>
      <marc:subfield code="b">n</marc:subfield>
      <marc:subfield code="2">rdamedia</marc:subfield>
    </marc:datafield>
    <marc:datafield tag="338" ind1=" " ind2=" ">
      <marc:subfield code="a">Band</marc:subfield>
      <marc:subfield code="b">nc</marc:subfield>
      <marc:subfield code="2">rdacarrier</marc:subfield>
    </marc:datafield>
    <marc:datafield tag="362" ind1="0" ind2=" ">
      <marc:subfield code="a">Nachgewiesen 1966(1967) - 1971(1972)</marc:subfield>
    </marc:datafield>
    <marc:datafield tag="363" ind1="0" ind2="0">
      <marc:subfield code="8">1.1\x</marc:subfield>
      <marc:subfield code="i">1966</marc:subfield>
    </marc:datafield>
    <marc:datafield tag="363" ind1="1" ind2="0">
      <marc:subfield code="8">1.2\x</marc:subfield>
      <marc:subfield code="i">1971</marc:subfield>
    </marc:datafield>
    <marc:datafield tag="591" ind1=" " ind2=" ">
      <marc:subfield code="a">F/SCC</marc:subfield>
    </marc:datafield>
    <marc:datafield tag="610" ind1="2" ind2="7">
      <marc:subfield code="0">(DE-588)130088-X</marc:subfield>
      <marc:subfield code="0">https://d-nb.info/gnd/130088-X</marc:subfield>
      <marc:subfield code="0">(DE-101)001300881</marc:subfield>
      <marc:subfield code="a">Staats- und Universitätsbibliothek Bremen</marc:subfield>
      <marc:subfield code="9">rswk-swf</marc:subfield>
      <marc:subfield code="2">gnd</marc:subfield>
    </marc:datafield>
    <marc:datafield tag="610" ind1="2" ind2="7">
      <marc:subfield code="0">(DE-588)130088-X</marc:subfield>
      <marc:subfield code="0">https://d-nb.info/gnd/130088-X</marc:subfield>
      <marc:subfield code="0">(DE-101)001300881</marc:subfield>
      <marc:subfield code="a">Staats- und Universitätsbibliothek Bremen</marc:subfield>
      <marc:subfield code="9">rswk-swf</marc:subfield>
      <marc:subfield code="2">gnd</marc:subfield>
    </marc:datafield>
    <marc:datafield tag="650" ind1=" " ind2="7">
      <marc:subfield code="0">(DE-588)4128022-2</marc:subfield>
      <marc:subfield code="0">https://d-nb.info/gnd/4128022-2</marc:subfield>
      <marc:subfield code="0">(DE-101)041280229</marc:subfield>
      <marc:subfield code="a">Bericht</marc:subfield>
      <marc:subfield code="9">rswk-swf</marc:subfield>
      <marc:subfield code="2">gnd</marc:subfield>
    </marc:datafield>
    <marc:datafield tag="655" ind1=" " ind2="7">
      <marc:subfield code="0">(DE-588)4067488-5</marc:subfield>
      <marc:subfield code="0">https://d-nb.info/gnd/4067488-5</marc:subfield>
      <marc:subfield code="0">(DE-101)040674886</marc:subfield>
      <marc:subfield code="a">Zeitschrift</marc:subfield>
      <marc:subfield code="2">gnd-content</marc:subfield>
    </marc:datafield>
    <marc:datafield tag="689" ind1="0" ind2="0">
      <marc:subfield code="0">(DE-588)130088-X</marc:subfield>
      <marc:subfield code="0">https://d-nb.info/gnd/130088-X</marc:subfield>
      <marc:subfield code="0">(DE-101)001300881</marc:subfield>
      <marc:subfield code="D">b</marc:subfield>
      <marc:subfield code="a">Staats- und Universitätsbibliothek Bremen</marc:subfield>
    </marc:datafield>
    <marc:datafield tag="689" ind1="0" ind2="1">
      <marc:subfield code="0">(DE-588)4128022-2</marc:subfield>
      <marc:subfield code="0">https://d-nb.info/gnd/4128022-2</marc:subfield>
      <marc:subfield code="0">(DE-101)041280229</marc:subfield>
      <marc:subfield code="D">s</marc:subfield>
      <marc:subfield code="a">Bericht</marc:subfield>
    </marc:datafield>
    <marc:datafield tag="689" ind1="0" ind2=" ">
      <marc:subfield code="5">DE-600</marc:subfield>
      <marc:subfield code="5">DE-600</marc:subfield>
    </marc:datafield>
    <marc:datafield tag="689" ind1="1" ind2="0">
      <marc:subfield code="0">(DE-588)130088-X</marc:subfield>
      <marc:subfield code="0">https://d-nb.info/gnd/130088-X</marc:subfield>
      <marc:subfield code="0">(DE-101)001300881</marc:subfield>
      <marc:subfield code="D">b</marc:subfield>
      <marc:subfield code="a">Staats- und Universitätsbibliothek Bremen</marc:subfield>
    </marc:datafield>
    <marc:datafield tag="689" ind1="1" ind2=" ">
      <marc:subfield code="5">DE-600</marc:subfield>
      <marc:subfield code="5">DE-600</marc:subfield>
    </marc:datafield>
    <marc:datafield tag="780" ind1="0" ind2="0">
      <marc:subfield code="i">Vorg.:</marc:subfield>
      <marc:subfield code="a">Staatsbibliothek Bremen</marc:subfield>
      <marc:subfield code="t">Bericht und Zugangsverzeichnis der Bibliothek der Hansestadt Bremen</marc:subfield>
      <marc:subfield code="d">Bremen : Guthe, 1928-1943</marc:subfield>
      <marc:subfield code="w">(DE-600)501539-X</marc:subfield>
      <marc:subfield code="w">(DE-101)012618063</marc:subfield>
    </marc:datafield>
    <marc:datafield tag="785" ind1="0" ind2="0">
      <marc:subfield code="i">Forts.:</marc:subfield>
      <marc:subfield code="a">Universität Bremen / Bibliothek</marc:subfield>
      <marc:subfield code="t">Bericht / Bibliothek der Universität Bremen</marc:subfield>
      <marc:subfield code="d">Bremen : [Verlag nicht ermittelbar], 1973-1973</marc:subfield>
      <marc:subfield code="w">(DE-600)186250-9</marc:subfield>
      <marc:subfield code="w">(DE-101)011017791</marc:subfield>
    </marc:datafield>
    <marc:datafield tag="850" ind1=" " ind2=" ">
      <marc:subfield code="a">DE-101b</marc:subfield>
    </marc:datafield>
  </marc:record>
</marc:collection>
